| 000 | 01006cam a2200181ua 4500 | ||
|---|---|---|---|
| 020 | _c16.00 | ||
| 041 |
_aeng _h |
||
| 082 |
_a532.57 _bIND/LI |
||
| 110 | 1 |
_aIndian standards institution . _bISI _c() |
|
| 245 |
_aLiquid flow measurement in open channels using thin plate weirs / _cIndian standards institution. _hTextual Documents |
||
| 250 |
_a1 / _b. |
||
| 260 |
_aNew Delhi : _bIndian standards institution , _c1980. |
||
| 300 | _a44 ; . | ||
| 365 | _a16.00 | ||
| 504 | _a | ||
| 942 | _cBK | ||
| 999 |
_c10930 _d10930 |
||